000
00307nam a2200157Ia 4500
100
_a
Laxman/R.K
650
_a
Fiction
942
_c
BK
366
_f
17.5
245
_a
Servants of India
260
_b
Penquin books
_c
2000
082
_a
808.83
_b
LAX
300
_a
136
546
_a
ENGLISH
999
_c
20865
_d
20865